Obra completa
Sparad:
| Huvudupphovsman: | |
|---|---|
| Materialtyp: | Bok |
| Språk: | Undetermined |
| Publicerad: |
Medellín, Colombia
Bodout
1970
|
| Ämnen: | |
| Taggar: |
Lägg till en tagg
Inga taggar, Lägg till första taggen!
|
MARC
| LEADER | 00000nam a2200000Ia 4500 | ||
|---|---|---|---|
| 008 | 170316s9999 xx 000 0 und d | ||
| 040 | |a cru BVZT | ||
| 090 | |a 860 S-24o | ||
| 100 | |a Silva, José Asunción | ||
| 245 | |a Obra completa | ||
| 260 | |a Medellín, Colombia | ||
| 260 | |b Bodout | ||
| 260 | |c 1970 | ||
| 300 | |a 376 páginas | ||
| 650 | |a LITERATURA LATINOAMERICANA | ||
| 999 | |c 9222 |d 9222 | ||
| 942 | |c 15 D |h 860 S-24o |2 z | ||
